11 TH SUMMIT MEETING OF HEADS OF STATE (Record no. 513)

MARC details
000 -LEADER
fixed length control field 00391nam a22001337a 4500
008 - FIXED-LENGTH DATA ELEMENTS--GENERAL INFORMATION
fixed length control field 230606b xxu||||| |||| 00| 0 eng d
020 ## - INTERNATIONAL STANDARD BOOK NUMBER
International Standard Book Number 9789987712496
082 ## - DEWEY DECIMAL CLASSIFICATION NUMBER
Classification number 346.06
Item number EAC
100 ## - MAIN ENTRY--PERSONAL NAME
Titles and words associated with a name EAC Secretariat
Dates associated with a name 2009
245 ## - TITLE STATEMENT
Title 11 TH SUMMIT MEETING OF HEADS OF STATE
Remainder of title EAST AFRICAN COMMUNITY
260 ## - PUBLICATION, DISTRIBUTION, ETC. (IMPRINT)
Place of publication, distribution, etc. Arusha
Name of publisher, distributor, etc. East Africa Community Secretariat
Date of publication, distribution, etc. 2009
300 ## - PHYSICAL DESCRIPTION
Extent 80pages
942 ## - ADDED ENTRY ELEMENTS (KOHA)
Source of classification or shelving scheme Dewey Decimal Classification
Koha item type Books
Holdings
Withdrawn status Lost status Source of classification or shelving scheme Damaged status Not for loan Home library Current library Date acquired Total Checkouts Full call number Barcode Date last seen Price effective from Koha item type
    Dewey Decimal Classification     Bunge Tower Library Bunge Tower Library 06/06/2023   346.06 EAC 1000387 06/06/2023 06/06/2023 Books
LIBRARY OPENING HOURS

When the Parliament is sitting: 8.00a.m - 7.00p.m or until the house adjourns
Mondays and Fridays and when the House is on Recess:  8.00a.m - 5.00p.m
Closed on Weekends and Public Holidays

Online Public Access Catalog (OPAC)
Website: http://www.parliament.go.ke
Bunge Library: https://libraryir.parliament.go.ke
Contact: library@parliament.go.ke | Tel no: (254-2)2221291 or 2848000 Ext 5043